000 00349 a2200169 4500
001 166621
020 _a85-16-01596-3
040 _cMagnum
100 _aCarrasco, Walcyr
240 1 0 _aEstrelas tortas
_lpor
245 1 0 _aEstrelas tortas
300 _a95
362 0 _a2000
440 1 _aModerna
697 _aLITERATURA JUVENIL
942 _cBK
999 _c166621
_d166621